[Event "4NCL/Div2/BARY vs. PAP"]
[Site "Sunningdale ENG"]
[Date "2007.09.16"]
[Round "2.2"]
[White "Ward, Chris G"]
[Black "Moore, John C"]
[Result "1-0"]
[WhiteElo "2439"]
[BlackElo "2052"]
[PlyCount "65"]
[EventDate "2007.09.16"]
[EventType "team"]
[EventRounds "11"]
[EventCountry "ENG"]
[SourceDate "2007.09.15"]
[WhiteTeam "Pride and Prejudice"]
[BlackTeam "Barbican 4NCL 1"]

1. d4 d5 2. c4 c6 3. Nc3 Nf6 4. Nf3 e6 5. Bg5 dxc4 6. e4 b5 7. e5 h6 8. Bh4 g5
9. exf6 gxh4 10. Ne5 Qxf6 11. g3 Nd7 12. Nxc6 Bb7 13. Bg2 Bb4 14. O-O Bxc3 15.
bxc3 Nb6 16. Qb1 h3 17. Be4 O-O 18. Qxb5 Rab8 19. Qh5 Bxc6 20. Bxc6 Rfc8 21.
Be4 Qg5 22. Qxh3 f5 23. Bg2 Na4 24. Rae1 Nxc3 25. Rxe6 h5 26. Bf3 Nxa2 27. Bxh5
Rb6 28. Bg6 Qxg6 29. Rxg6+ Rxg6 30. Qxf5 Rgc6 31. d5 Rc5 32. Qe6+ Kg7 33. d6
1-0

[Event "4NCL/Div2/BARY vs. PAP"]
[Site "Sunningdale ENG"]
[Date "2007.09.16"]
[Round "2.3"]
[White "Anandajeyarajah, Similan"]
[Black "Winkelmann, Elena"]
[Result "1/2-1/2"]
[WhiteElo "2016"]
[BlackElo "2162"]
[PlyCount "55"]
[EventDate "2007.09.16"]
[EventType "team"]
[EventRounds "11"]
[EventCountry "ENG"]
[SourceDate "2007.09.15"]
[WhiteTeam "Barbican 4NCL 1"]
[BlackTeam "Pride and Prejudice"]

1. d4 d5 2. c4 c6 3. Nf3 Nf6 4. cxd5 cxd5 5. Nc3 a6 6. Bf4 Nc6 7. a3 Bf5 8. e3
e6 9. Rc1 Bd6 10. Bxd6 Qxd6 11. Bd3 Bxd3 12. Qxd3 O-O 13. O-O b5 14. b4 Rac8
15. Rfe1 Rfd8 16. Rc2 Rc7 17. Rec1 Rdc8 18. h3 h6 19. e4 dxe4 20. Nxe4 Nxe4 21.
Qxe4 f5 22. Qe3 Nd8 23. Rxc7 Rxc7 24. Rxc7 Qxc7 25. Ne5 Nf7 26. Nd3 Qd6 27. Nc5
e5 28. dxe5 1/2-1/2

[Event "4NCL/Div2/BARY vs. PAP"]
[Site "Sunningdale ENG"]
[Date "2007.09.16"]
[Round "2.4"]
[White "Forbes, Cathy"]
[Black "O'Toole, George E"]
[Result "1-0"]
[WhiteElo "2090"]
[BlackElo "1974"]
[PlyCount "73"]
[EventDate "2007.09.16"]
[EventType "team"]
[EventRounds "11"]
[EventCountry "ENG"]
[SourceDate "2007.09.15"]
[WhiteTeam "Pride and Prejudice"]
[BlackTeam "Barbican 4NCL 1"]

1. d4 Nf6 2. Bf4 d5 3. c3 c5 4. Bxb8 Rxb8 5. e3 e6 6. Nf3 Bd6 7. a4 a6 8. Nbd2
cxd4 9. exd4 O-O 10. Bd3 Bd7 11. Ne5 Be8 12. O-O b5 13. axb5 Bxb5 14. Bxb5 Rxb5
15. Nd3 Ra5 16. Qe2 Rxa1 17. Rxa1 Qb6 18. h3 Nd7 19. b4 Ra8 20. Nc5 Nb8 21.
Ndb3 Ra7 22. Ra4 Bxc5 23. dxc5 Qc7 24. Qa2 Qe5 25. Qa1 Rc7 26. Nd4 h6 27. Ra2
Qe4 28. Re2 Qd3 29. Re3 Qc4 30. Qa5 Rc8 31. Qb6 e5 32. Nf5 d4 33. Rg3 Nc6 34.
cxd4 Qd5 35. Qb7 Re8 36. Nxg7 Re7 37. Nf5+ 1-0

[Event "4NCL/Div2/BARY vs. PAP"]
[Site "Sunningdale ENG"]
[Date "2007.09.16"]
[Round "2.5"]
[White "Franklin, Samuel"]
[Black "Yurenok, Maria S"]
[Result "1-0"]
[WhiteElo "1917"]
[BlackElo "2036"]
[PlyCount "57"]
[EventDate "2007.09.16"]
[EventType "team"]
[EventRounds "11"]
[EventCountry "ENG"]
[SourceDate "2007.09.15"]
[WhiteTeam "Barbican 4NCL 1"]
[BlackTeam "Pride and Prejudice"]

1. e4 c5 2. Nf3 e6 3. d4 cxd4 4. Nxd4 Nc6 5. Nc3 Qc7 6. Be3 a6 7. Qd2 Nf6 8.
O-O-O Be7 9. f3 b5 10. g4 h6 11. h4 b4 12. Na4 Bb7 13. Rg1 Ne5 14. g5 hxg5 15.
hxg5 Nh5 16. Be2 g6 17. Kb1 d5 18. f4 Nc4 19. Bxc4 dxc4 20. f5 e5 21. fxg6 exd4
22. Bxd4 O-O-O 23. gxf7 Rhf8 24. Qe2 Rxd4 25. Rxd4 Rxf7 26. Rxc4 Bc6 27. Qxh5
Rf8 28. g6 Kb8 29. g7 1-0

[Event "4NCL/Div2/BARY vs. PAP"]
[Site "Sunningdale ENG"]
[Date "2007.09.16"]
[Round "2.6"]
[White "Kieran, Rosalind A"]
[Black "Anandajeyarajah, Thilagini"]
[Result "1-0"]
[WhiteElo "2038"]
[BlackElo "1830"]
[PlyCount "47"]
[EventDate "2007.09.16"]
[EventType "team"]
[EventRounds "11"]
[EventCountry "ENG"]
[SourceDate "2007.09.15"]
[WhiteTeam "Pride and Prejudice"]
[BlackTeam "Barbican 4NCL 1"]

1. e4 e6 2. d4 d5 3. e5 c5 4. c3 Qb6 5. Nf3 Nc6 6. Be2 cxd4 7. cxd4 Nh6 8. Nc3
Nf5 9. Bb5 a6 10. Ba4 Bd7 11. Bxc6 bxc6 12. O-O c5 13. Na4 Bxa4 14. Qxa4+ Qb5
15. Qd1 cxd4 16. Nxd4 Nxd4 17. Qxd4 Bc5 18. Qg4 g6 19. Bh6 Be7 20. Rfc1 Qxb2
21. Rab1 Qxa2 22. Rb7 Qa5 23. Qf4 Rg8 24. Bg5 1-0

[Event "4NCL/Div2/GUI3 vs. WES1"]
[Site "Sunningdale ENG"]
[Date "2007.09.16"]
[Round "2.1"]
[White "Tymrakiewicz, Rafal"]
[Black "Allicock, Rawle A"]
[Result "1-0"]
[WhiteElo "2252"]
[BlackElo "2302"]
[PlyCount "57"]
[EventDate "2007.09.16"]
[EventType "team"]
[EventRounds "11"]
[EventCountry "ENG"]
[SourceDate "2007.09.15"]
[WhiteTeam "Guildford-A&DC 3"]
[BlackTeam "Wessex 1"]

1. Nf3 d5 2. c4 d4 3. e3 Nc6 4. b4 dxe3 5. fxe3 Nxb4 6. d4 e5 7. a3 Nc6 8. Be2
e4 9. Nfd2 Qg5 10. Nxe4 Qxg2 11. Bf3 Qg6 12. Nbc3 Be7 13. Nd5 Bh4+ 14. Kd2 Bd8
15. Bb2 Nge7 16. Nf4 Qh6 17. d5 Na5 18. Qa4+ c6 19. Rag1 Nf5 20. Bg4 b5 21.
cxb5 cxb5 22. Qxb5+ Bd7 23. Qb4 Qa6 24. Bxf5 Nc4+ 25. Qxc4 Ba5+ 26. Bc3 Bxc3+
27. Qxc3 Bxf5 28. Qe5+ Be6 29. Nxe6 1-0

[Event "4NCL/Div2/GUI3 vs. WES1"]
[Site "Sunningdale ENG"]
[Date "2007.09.16"]
[Round "2.2"]
[White "Poulton, James"]
[Black "Cooksey, Paul S"]
[Result "0-1"]
[WhiteElo "2372"]
[BlackElo "2217"]
[PlyCount "66"]
[EventDate "2007.09.16"]
[EventType "team"]
[EventRounds "11"]
[EventCountry "ENG"]
[SourceDate "2007.09.15"]
[WhiteTeam "Wessex 1"]
[BlackTeam "Guildford-A&DC 3"]

1. d4 d5 2. c4 c6 3. Nf3 Nf6 4. Nc3 dxc4 5. a4 Bf5 6. e3 e6 7. Bxc4 Bb4 8. O-O
Nbd7 9. Qe2 Bg4 10. h3 Bxf3 11. Qxf3 Qa5 12. e4 e5 13. Rd1 exd4 14. Rxd4 Ne5
15. Qg3 O-O 16. Be2 Rfe8 17. Bg5 Nfd7 18. Rad1 Nf8 19. Bf4 f6 20. Bh5 g6 21.
Na2 Be7 22. Bg4 Rad8 23. Qb3+ Kh8 24. Nc3 Rxd4 25. Rxd4 Qb6 26. Qxb6 axb6 27.
Bg3 Kg7 28. Kf1 Bc5 29. Rd1 Bb4 30. Be2 Ra8 31. f4 Nf7 32. e5 Bxc3 33. bxc3
Rxa4 {time} 0-1

[Event "4NCL/Div2/GUI3 vs. WES1"]
[Site "Sunningdale ENG"]
[Date "2007.09.16"]
[Round "2.3"]
[White "Frostick, Clive A"]
[Black "Upton, Ian J"]
[Result "1/2-1/2"]
[WhiteElo "2156"]
[BlackElo "2263"]
[PlyCount "75"]
[EventDate "2007.09.16"]
[EventType "team"]
[EventRounds "11"]
[EventCountry "ENG"]
[SourceDate "2007.09.15"]
[WhiteTeam "Guildford-A&DC 3"]
[BlackTeam "Wessex 1"]

1. e4 e6 2. d4 d5 3. Nd2 c5 4. exd5 Qxd5 5. Ngf3 cxd4 6. Bc4 Qd6 7. O-O Nf6 8.
Nb3 Nc6 9. Nbxd4 Nxd4 10. Nxd4 a6 11. c3 Qc7 12. Qe2 Bd6 13. Kh1 O-O 14. Bg5 b5
15. Bb3 Bb7 16. Rad1 Rfe8 17. Rd3 Nd5 18. Qg4 g6 19. Qh4 Be7 20. f4 Rad8 21. f5
Bxg5 22. Qxg5 f6 23. Qd2 gxf5 24. Nxf5 Kh8 25. Nd4 e5 26. Bxd5 Bxd5 27. Nf5 Bc4
28. Qh6 Qf7 29. Rg3 Rg8 30. Rxg8+ Kxg8 31. Qh4 Kh8 32. Re1 Qg6 33. Ne3 Be6 34.
Rf1 Qg5 35. Qf2 Kg7 36. h4 Qg6 37. a3 f5 38. Nxf5+ 1/2-1/2

[Event "4NCL/Div2/GUI3 vs. WES1"]
[Site "Sunningdale ENG"]
[Date "2007.09.16"]
[Round "2.4"]
[White "Corkett, Anthony R"]
[Black "Punnett, Alan K"]
[Result "1-0"]
[WhiteElo "2312"]
[BlackElo "2103"]
[PlyCount "93"]
[EventDate "2007.09.16"]
[EventType "team"]
[EventRounds "11"]
[EventCountry "ENG"]
[SourceDate "2007.09.15"]
[WhiteTeam "Wessex 1"]
[BlackTeam "Guildford-A&DC 3"]

1. Nf3 Nf6 2. c4 b6 3. g3 Bb7 4. Bg2 e6 5. O-O Be7 6. Nc3 O-O 7. d4 d6 8. Re1
Nbd7 9. e4 e5 10. b3 Re8 11. d5 h6 12. Rb1 Nh7 13. b4 a5 14. a3 axb4 15. axb4
Bc8 16. Be3 Ndf8 17. Ra1 Rxa1 18. Qxa1 Ng5 19. Nxg5 Bxg5 20. Qa7 Bxe3 21. Rxe3
Bd7 22. Nd1 g6 23. Qa1 f5 24. Ra3 b5 25. c5 fxe4 26. Bxe4 Bf5 27. Bg2 Nd7 28.
Qc1 dxc5 29. bxc5 Qe7 30. c6 Nf6 31. Ra7 g5 32. Ne3 Bg6 33. Rb7 b4 34. Qc4 Kf8
35. Rxb4 Ra8 36. h3 Ne8 37. Ra4 Rb8 38. Ra1 Nd6 39. Qe2 Nb5 40. Ng4 e4 41. Rb1
e3 42. Re1 exf2+ 43. Qxf2+ Qf7 44. Qb2 Qg7 45. Nf6 Rd8 46. Qxb5 Qxf6 47. Rf1
1-0

[Event "4NCL/Div2/GUI3 vs. WES1"]
[Site "Sunningdale ENG"]
[Date "2007.09.16"]
[Round "2.5"]
[White "Taylor, Mark"]
[Black "Webb, Richard M"]
[Result "1/2-1/2"]
[WhiteElo "2150"]
[BlackElo "2257"]
[PlyCount "34"]
[EventDate "2007.09.16"]
[EventType "team"]
[EventRounds "11"]
[EventCountry "ENG"]
[SourceDate "2007.09.15"]
[WhiteTeam "Guildford-A&DC 3"]
[BlackTeam "Wessex 1"]

1. d4 Nf6 2. Bg5 e6 3. Nd2 c5 4. e3 b6 5. Bd3 Bb7 6. Ngf3 Be7 7. O-O O-O 8. c3
cxd4 9. exd4 d6 10. Re1 Nbd7 11. Qe2 Re8 12. Rad1 Qc7 13. Ne4 Nxe4 14. Bxe4
Bxe4 15. Qxe4 Nf6 16. Bxf6 Bxf6 17. d5 e5 1/2-1/2

[Event "4NCL/Div2/GUI3 vs. WES1"]
[Site "Sunningdale ENG"]
[Date "2007.09.16"]
[Round "2.6"]
[White "Simons, Martin J"]
[Black "Howell, Christopher"]
[Result "1-0"]
[WhiteElo "2220"]
[BlackElo "2112"]
[PlyCount "47"]
[EventDate "2007.09.16"]
[EventType "team"]
[EventRounds "11"]
[EventCountry "ENG"]
[SourceDate "2007.09.15"]
[WhiteTeam "Wessex 1"]
[BlackTeam "Guildford-A&DC 3"]

1. e4 c5 2. Nc3 Nc6 3. f4 g6 4. Nf3 Bg7 5. Bb5 a6 6. Bxc6 dxc6 7. d3 Bg4 8. O-O
Bd4+ 9. Kh1 Nf6 10. h3 h5 11. e5 Nd5 12. Nxd5 Qxd5 13. c3 Bxe5 14. fxe5 O-O-O
15. Bf4 f6 16. exf6 exf6 17. hxg4 hxg4+ 18. Nh2 g5 19. Bg3 f5 20. Kg1 Qe6 21.
Qd2 Rh5 22. Rae1 Qg6 23. Re7 Rdh8 24. Qe2 1-0

[Event "4NCL/Div2/GUI3 vs. WES1"]
[Site "Sunningdale ENG"]
[Date "2007.09.16"]
[Round "2.7"]
[White "Dreczkowski, Ryszard"]
[Black "Lock, Gavin R"]
[Result "0-1"]
[WhiteElo "2039"]
[BlackElo "2193"]
[PlyCount "106"]
[EventDate "2007.09.16"]
[EventType "team"]
[EventRounds "11"]
[EventCountry "ENG"]
[SourceDate "2007.09.15"]
[WhiteTeam "Guildford-A&DC 3"]
[BlackTeam "Wessex 1"]

1. c4 c6 2. g3 d5 3. Bg2 Nf6 4. Nf3 Bg4 5. O-O e6 6. b3 Nbd7 7. Bb2 Bd6 8. d3
O-O 9. Nbd2 Qe7 10. a3 a5 11. Qc2 Rfe8 12. Rfe1 Bh5 13. e4 dxe4 14. dxe4 e5 15.
Nh4 Bc5 16. Nf5 Qd8 17. h3 Qb6 18. Nb1 Bf8 19. Nc3 Nc5 20. Rab1 Qxb3 21. Qxb3
Nxb3 22. g4 Bg6 23. Red1 Nc5 24. a4 Rad8 25. Kf1 Rxd1+ 26. Rxd1 Nfd7 27. Rb1
Nb6 28. Ne3 Nd3 29. Bc1 Bc5 30. Ba3 Bxa3 31. Rxb6 Rb8 32. Nf5 Bb4 33. Na2 Bc5
34. Rb3 Nf4 35. Nc1 f6 36. Nd3 Nxd3 37. Rxd3 Bf7 38. Rc3 Kf8 39. Ke2 g6 40. Ne3
Ke7 41. Bf1 Rd8 42. Rd3 Rxd3 43. Kxd3 Kd6 44. Nd1 Bd4 45. f4 Kc5 46. Ne3 Bxe3
47. Kxe3 Bxc4 48. Bxc4 Kxc4 49. g5 exf4+ 50. Kxf4 fxg5+ 51. Kxg5 Kd4 52. Kh6
Kxe4 53. Kxh7 Kf5 0-1

[Event "4NCL/Div2/GUI3 vs. WES1"]
[Site "Sunningdale ENG"]
[Date "2007.09.16"]
[Round "2.8"]
[White "Khoo, Selina"]
[Black "Hunt, Daniel"]
[Result "0-1"]
[WhiteElo "1991"]
[BlackElo "1754"]
[PlyCount "84"]
[EventDate "2007.09.16"]
[EventType "team"]
[EventRounds "11"]
[EventCountry "ENG"]
[SourceDate "2007.09.15"]
[WhiteTeam "Wessex 1"]
[BlackTeam "Guildford-A&DC 3"]

1. e4 c5 2. Nf3 d6 3. Bb5+ Bd7 4. Bxd7+ Qxd7 5. O-O Nf6 6. Qe2 Nc6 7. c3 e6 8.
d4 cxd4 9. cxd4 Be7 10. Nc3 O-O 11. Rd1 d5 12. Ne5 Qe8 13. Bf4 dxe4 14. Nxe4
Nd5 15. Bg3 f5 16. Nc5 Bxc5 17. dxc5 f4 18. Bh4 Nxe5 19. Qxe5 Rf5 20. Qe2 Rh5
21. Qg4 Qg6 22. Qh3 Qh6 23. g3 g5 24. Re1 Kf7 25. Rad1 gxh4 26. g4 Rg5 27. Kh1
Qf6 28. Qb3 b6 29. h3 Re5 30. Qc2 Rxe1+ 31. Rxe1 Qg6 32. Qc4 Rc8 33. c6 h5 34.
f3 hxg4 35. hxg4 h3 36. Kh2 Qf6 37. Re2 Qh4 38. Kh1 h2 39. Qc1 Qg3 40. Rxh2
Qxf3+ 41. Kg1 Rg8 42. Rh7+ Kf8 0-1

[Event "4NCL/Div2/PPA1 vs. KHE"]
[Site "Sunningdale ENG"]
[Date "2007.09.16"]
[Round "2.1"]
[White "Swanson, Stephen"]
[Black "Kwiatkowski, Feliks J"]
[Result "1/2-1/2"]
[WhiteElo "2248"]
[BlackElo "2255"]
[PlyCount "95"]
[EventDate "2007.09.16"]
[EventType "team"]
[EventRounds "11"]
[EventCountry "ENG"]
[SourceDate "2007.09.15"]
[WhiteTeam "Poisoned Pawns 1"]
[BlackTeam "Kings Head"]

1. e4 c5 2. Nf3 Nc6 3. Bb5 g6 4. Bxc6 dxc6 5. d3 Bg7 6. Nc3 Nf6 7. Be3 b6 8.
Qd2 Ng4 9. Bg5 h6 10. Bh4 Qc7 11. Bg3 Ne5 12. Nxe5 Bxe5 13. Bxe5 Qxe5 14. O-O-O
Bg4 15. f3 Be6 16. f4 Qc7 17. Rhf1 O-O-O 18. a3 Kb7 19. Rde1 f6 20. f5 gxf5 21.
exf5 Bc8 22. Qe3 Rh7 23. Rf4 Rd4 24. Ref1 Qd6 25. Ne2 Rd5 26. Qg3 Re5 27. Nc3
Qd8 28. Qg6 Qh8 29. Qh5 Rg7 30. g4 Rg5 31. Qh3 Rg7 32. Qf3 h5 33. h3 hxg4 34.
hxg4 Rh7 35. Re4 Rh3 36. Qe2 Qh6+ 37. Kb1 Rxe4 38. Nxe4 Rh2 39. Qe1 Qg7 40. Qg3
Qh7 41. Re1 Rh1 42. Qe3 Qh6 43. Qxh6 Rxh6 44. Kc1 Kc7 45. Ng3 Kd6 46. Ne4+ Kc7
47. Ng3 Kd6 48. Ne4+ 1/2-1/2

[Event "4NCL/Div2/PPA1 vs. KHE"]
[Site "Sunningdale ENG"]
[Date "2007.09.16"]
[Round "2.2"]
[White "Spivack, Simon"]
[Black "Morgan, Ben"]
[Result "1/2-1/2"]
[WhiteElo "2203"]
[BlackElo "2233"]
[PlyCount "77"]
[EventDate "2007.09.16"]
[EventType "team"]
[EventRounds "11"]
[EventCountry "ENG"]
[SourceDate "2007.09.15"]
[WhiteTeam "Kings Head"]
[BlackTeam "Poisoned Pawns 1"]

1. Nf3 d5 2. g3 Nf6 3. Bg2 e6 4. O-O Be7 5. d3 b5 6. e4 dxe4 7. Ng5 Bb7 8. Nc3
Qc8 9. Ncxe4 Nxe4 10. dxe4 h6 11. Nh3 Nd7 12. Qg4 Nf6 13. Qe2 Bc6 14. Nf4 Qb7
15. Re1 O-O 16. Nd3 Nd7 17. a3 a5 18. f4 b4 19. b3 bxa3 20. Bxa3 Bxa3 21. Rxa3
a4 22. b4 Bb5 23. e5 Bc6 24. c4 Bxg2 25. Qxg2 Qxg2+ 26. Kxg2 Nb6 27. Re4 Rfd8
28. Kf2 Kf8 29. Ke3 Ke8 30. Kd2 Ke7 31. Kc2 g5 32. Nb2 Rg8 33. Rd4 gxf4 34.
Rxf4 Rg5 35. Nd3 Nd7 36. Re4 Rf5 37. c5 c6 38. Kc3 f6 39. Kd4 1/2-1/2

[Event "4NCL/Div2/PPA1 vs. KHE"]
[Site "Sunningdale ENG"]
[Date "2007.09.16"]
[Round "2.3"]
[White "Dunn, Andrew"]
[Black "McMichael, Richard"]
[Result "1-0"]
[WhiteElo "2204"]
[BlackElo "2255"]
[PlyCount "93"]
[EventDate "2007.09.16"]
[EventType "team"]
[EventRounds "11"]
[EventCountry "ENG"]
[SourceDate "2007.09.15"]
[WhiteTeam "Poisoned Pawns 1"]
[BlackTeam "Kings Head"]

1. d4 e6 2. c4 f5 3. g3 Nf6 4. Bg2 d5 5. Nf3 c6 6. O-O Bd6 7. b3 Qe7 8. Bb2 O-O
9. Qc1 Bd7 10. Ba3 Be8 11. Bxd6 Qxd6 12. Qf4 Qxf4 13. gxf4 Bh5 14. Nc3 Nbd7 15.
cxd5 Bxf3 16. Bxf3 Nxd5 17. Nxd5 exd5 18. e3 Nf6 19. b4 Ne4 20. Bxe4 fxe4 21.
a4 g5 22. fxg5 Rf5 23. f4 exf3 24. h4 Kg7 25. Kf2 Kg6 26. Kg3 Kh5 27. Rxf3
Rxf3+ 28. Kxf3 Rf8+ 29. Ke2 Rf7 30. Rg1 Re7 31. b5 Re6 32. bxc6 Rxc6 33. Rf1
Kxh4 34. Rh1+ Kxg5 35. Rxh7 Ra6 36. Rxb7 Rxa4 37. Rb5 Ra3 38. Rxd5+ Kf6 39. Re5
a5 40. Kf3 Ra1 41. Ke4 a4 42. Ra5 Ke6 43. Ra6+ Kd7 44. Kd5 a3 45. Ra7+ Kd8 46.
e4 a2 47. e5 1-0

[Event "4NCL/Div2/PPA1 vs. KHE"]
[Site "Sunningdale ENG"]
[Date "2007.09.16"]
[Round "2.4"]
[White "Okike, David C"]
[Black "Dargan, Paul"]
[Result "1-0"]
[WhiteElo "2183"]
[BlackElo "2185"]
[PlyCount "95"]
[EventDate "2007.09.16"]
[EventType "team"]
[EventRounds "11"]
[EventCountry "ENG"]
[SourceDate "2007.09.15"]
[WhiteTeam "Kings Head"]
[BlackTeam "Poisoned Pawns 1"]

1. e4 c5 2. Nf3 Nc6 3. d4 cxd4 4. Nxd4 Nf6 5. Nc3 e5 6. Ndb5 d6 7. Bg5 a6 8.
Na3 b5 9. Nd5 Be7 10. Bxf6 Bxf6 11. c3 Bg5 12. g3 O-O 13. Bg2 Ne7 14. Nxe7+
Qxe7 15. O-O Bb7 16. Nc2 f5 17. Nb4 Qc7 18. h4 Bxh4 19. gxh4 fxe4 20. Nd5 Qd8
21. Bxe4 Qxh4 22. Qd3 Rae8 23. Rae1 Re6 24. Qg3 Qd8 25. Re3 Kh8 26. Qg2 Qa8 27.
Rh3 h6 28. Re1 Rf7 29. Rf3 Rxf3 30. Qxf3 Bxd5 31. Bxd5 Rg6+ 32. Kf1 Qc8 33. Bb3
Rf6 34. Qe3 Qg4 35. Bd5 h5 36. f3 h4 37. Ke2 Qg2+ 38. Qf2 Qg5 39. Rg1 Qh6 40.
Qa7 Rf8 41. Qe7 Qf6 42. Qxf6 Rxf6 43. Rg4 Rh6 44. Kf2 h3 45. Kg1 g6 46. Kh2 Kg7
47. Rg3 Rh8 48. Be4 1-0

[Event "4NCL/Div2/PPA1 vs. KHE"]
[Site "Sunningdale ENG"]
[Date "2007.09.16"]
[Round "2.5"]
[White "Byway, Paul"]
[Black "Ward, Julian T"]
[Result "1-0"]
[WhiteElo "2167"]
[BlackElo "2145"]
[PlyCount "87"]
[EventDate "2007.09.16"]
[EventType "team"]
[EventRounds "11"]
[EventCountry "ENG"]
[SourceDate "2007.09.15"]
[WhiteTeam "Poisoned Pawns 1"]
[BlackTeam "Kings Head"]

1. Nf3 Nf6 2. c4 e6 3. g3 Be7 4. Bg2 O-O 5. b3 b6 6. Bb2 Bb7 7. O-O d5 8. e3 c5
9. Nc3 Qc8 10. d3 Rd8 11. Qe2 Nc6 12. Rfd1 a6 13. Rac1 d4 14. Na4 Qc7 15. exd4
Nxd4 16. Nxd4 cxd4 17. Bxb7 Qxb7 18. Qe5 b5 19. Nc5 Qf3 20. Bxd4 bxc4 21. bxc4
Bd6 22. Qe3 Qh5 23. Bxf6 Bxc5 24. Qg5 Qxg5 25. Bxg5 f6 26. Be3 Bd4 27. Kf1 e5
28. Ke2 Kf7 29. Rb1 Rd7 30. Bxd4 exd4 31. Kd2 a5 32. a4 Ra6 33. Rb5 g5 34. Re1
h5 35. Re4 Kg6 36. Rd5 Rxd5 37. cxd5 Rd6 38. Rxd4 Kf5 39. Kc3 Ke5 40. f4+ Kf5
41. fxg5 fxg5 42. Kc4 Rd8 43. Re4 Rb8 44. d6 1-0

[Event "4NCL/Div2/PPA1 vs. KHE"]
[Site "Sunningdale ENG"]
[Date "2007.09.16"]
[Round "2.6"]
[White "Thomas, Richard H"]
[Black "Rosen, Daniel B"]
[Result "1/2-1/2"]
[WhiteElo "2185"]
[BlackElo "2127"]
[PlyCount "123"]
[EventDate "2007.09.16"]
[EventType "team"]
[EventRounds "11"]
[EventCountry "ENG"]
[SourceDate "2007.09.15"]
[WhiteTeam "Kings Head"]
[BlackTeam "Poisoned Pawns 1"]

1. d4 f5 2. g3 Nf6 3. Bg2 e6 4. Nh3 Be7 5. O-O O-O 6. c4 d5 7. cxd5 exd5 8. Nc3
c6 9. Qb3 Qb6 10. Qxb6 axb6 11. a3 b5 12. Be3 Nbd7 13. a4 b4 14. Nb1 Re8 15.
Nd2 Bf8 16. Rfe1 Ne4 17. Nb3 Nb6 18. a5 Nc4 19. Bc1 Bd6 20. f3 Nf6 21. Nf2 Be6
22. Nd3 Nd7 23. Bd2 Nxd2 24. Nxd2 Ra7 25. Nb3 Rea8 26. e3 Bc7 27. Nxb4 Bxa5 28.
Nxa5 Rxa5 29. Nc2 Kf7 30. Kf2 Ke7 31. Ke2 Nb6 32. b3 Kd6 33. Kd2 Nd7 34. Kc3 b6
35. b4 Rxa1 36. Rxa1 Rxa1 37. Nxa1 Bf7 38. Nb3 Bh5 39. Nd2 Bf7 40. Bf1 Be6 41.
Nb3 Bf7 42. Nc1 Bh5 43. Be2 Bf7 44. Nd3 Be8 45. Nf4 Bf7 46. Bd3 g6 47. Bc2 Nf6
48. Nd3 Nd7 49. Ba4 Be8 50. Nf2 Nf6 51. Bc2 Bf7 52. h3 Be8 53. g4 fxg4 54. hxg4
h5 55. gxh5 Nxh5 56. Nh3 c5 57. dxc5+ bxc5 58. bxc5+ Kxc5 59. Nf2 Ng3 60. Nd3+
Kd6 61. Nf4 Nf5 62. Bxf5 1/2-1/2

[Event "4NCL/Div2/PPA1 vs. KHE"]
[Site "Sunningdale ENG"]
[Date "2007.09.16"]
[Round "2.7"]
[White "Dignam, Matthew"]
[Black "Compton, Alistair"]
[Result "1-0"]
[WhiteElo "2122"]
[BlackElo "2139"]
[PlyCount "65"]
[EventDate "2007.09.16"]
[EventType "team"]
[EventRounds "11"]
[EventCountry "ENG"]
[SourceDate "2007.09.15"]
[WhiteTeam "Poisoned Pawns 1"]
[BlackTeam "Kings Head"]

1. Nf3 e6 2. b3 c5 3. Bb2 Nc6 4. g4 d6 5. d4 cxd4 6. Nxd4 Nxd4 7. Qxd4 e5 8.
Qd3 Bd7 9. Bg2 Bc6 10. Bxc6+ bxc6 11. Nd2 Nf6 12. O-O-O Qc7 13. g5 Nd5 14. Nc4
Rd8 15. Kb1 Be7 16. e3 Nb6 17. Rdg1 Nxc4 18. Qxc4 d5 19. Qg4 c5 20. f4 exf4 21.
exf4 d4 22. f5 O-O 23. f6 Bd6 24. fxg7 Rfe8 25. h4 Qd7 26. Qg2 d3 27. g6 hxg6
28. h5 dxc2+ 29. Qxc2 Qf5 30. Qxf5 gxf5 31. h6 Kh7 32. g8=Q+ Rxg8 33. Rg7+ 1-0